000 00807nas a2200277 4500
001 BR9603348
003 BR-BrBNA
005 20231205094824.0
007 ta
008 230509b bl.|||p| |||| 00| 00por d
040 _aBR-BrBNA
_bpor
_cBiblioteca Nacional de Agricultura
041 _a(Pt)
072 _aF01
100 1 _aCadeira, M.V.W.
100 1 _aChitolina, P.C.
100 1 _aSelle, G.L.
100 1 _aOliveira, O. dos S.
100 1 _aWatzlawick, L.F.
245 1 _aEfeito de diferentes niveis de sombreamento no palmiteiro em viveiro
650 _aPalmito
650 _aSombreamento
650 _aViveiro
773 0 _tAgropecuaria Catarinense (Brazil)
_xISSN 0103-0779
_g(Mar 1996), v. 9(1) p. 36-37
_wBR9603348
909 _a202311
_bLúcia
_c55
_dLúcia Elande
942 _2AGRIS
_n0
_cANA
999 _c147068
_d147068